| 000 | 01195nam a22002537a 4500 | ||
|---|---|---|---|
| 001 | 9018 | ||
| 003 | FISKH | ||
| 005 | 20251114101213.0 | ||
| 008 | 251114b cb ||||| |||| 00| 0 eng d | ||
| 020 | _a9789831459898 | ||
| 040 |
_aFISKH _beng _cFISKH _dFISKH |
||
| 082 | _a372.6 | ||
| 100 | _aAnonymous | ||
| 245 | _aJack's pet & breakfast time / | ||
| 260 |
_aKula Lampur : _bMind to Mind, |
||
| 300 |
_a32 pages : _bcolor illustrations ; _c21 cm |
||
| 505 | _aG | ||
| 520 | _a1. Jack’s Pet – A simple, fun story about Jack and his mysterious new pet. The text uses repetitive rhyming patterns to support early reading skills, helping children hear and identify similar word endings. 2. Breakfast Time – A cheerful morning story focusing on breakfast foods and routines. It introduces more rhyming word pairs through playful sentences, making reading enjoyable and rhythmic. Both stories use easy vocabulary, repetition, and rhymes, making them suitable for beginning readers or ELL students. | ||
| 521 | 8 |
_a380
_bLexile estimate |
|
| 521 | 8 |
_aG
_bRaz-Plus |
|
| 650 |
_aRhyming Words _vBeginner Reading _xLiteracy Skills |
||
| 942 |
_2ddc _cBK _n0 |
||
| 999 |
_c9018 _d9018 |
||